000 00326nam a22001457a 4500
008 221212b ||||| |||| 00| 0 eng d
020 _a9780078028557
041 _aeng
080 _2ELEVENTH EDITION
_a61
082 _a61KIN
100 _a4
101 _aMJEKS
245 _aLOSSENING THE GRIP
_cKINNEY J
942 _2udc
_cBK
999 _c59167
_d59167